[Event "VISA GP"]
[Site "Reykjavik"]
[Date "1998.03.15"]
[Round "6"]
[White "Kindermann, Stefan"]
[Black "Hillarp Persson, Tiger"]
[Result "0-1"]
[WhiteElo "2565"]
[BlackElo "2410"]
[Annotator "ChessBase"]
[PlyCount "128"]
[EventDate "1998.03.10"]
[EventType "swiss"]
[EventRounds "9"]
[EventCountry "ISL"]
[SourceTitle "CBM 064"]
[Source "ChessBase"]
[SourceDate "1998.06.02"]
[SourceVersion "1"]
[SourceVersionDate "1998.06.02"]
[SourceQuality "1"]

1. e4 c5 2. Nf3 e6 3. d4 cxd4 4. Nxd4 Qb6 5. Nb3 Qc7 6. Nc3 a6 7. Bd3 Nf6 (7...
b5 8. a3 Bb7 9. f4 d6 10. O-O Nd7 11. Kh1 Ngf6 12. Qe1 Be7 13. Be3 O-O 14. Rd1
Rfe8 15. Qg3 Bf8 16. Bd4 e5 17. fxe5 dxe5 18. Be3 Rac8 {Dubiel,J-Kveinys,A/
Cappelle op 1994/TD 94\02/0-1 (46)}) 8. O-O d6 9. f4 b6 (9... Nbd7 10. Qf3 b6
11. Bd2 Bb7 12. Rae1 g6 13. Qh3 Bg7 14. Nd4 O-O 15. Nf3 Qc5+ 16. Kh1 Qh5 17.
Qg3 Rac8 18. Ng5 Rc5 19. Be2 {1-0 Hector,J-Hillarp Persson,T/Hellir 1997/EXP
62 (31)}) 10. e5 Nfd7 11. exd6 Bxd6 12. Ne4 Be7 13. Qf3 Nc6 14. Bd2 O-O 15. Qh5
h6 16. Bc3 f5 17. Bxg7 $5 Kxg7 18. Rf3 Rf7 19. Rg3+ Kf8 20. Qxh6+ Ke8 21. Ng5
Bxg5 22. fxg5 Nf8 23. g6 Rg7 24. Re1 e5 25. Qh5 Ne7 26. Rge3 e4 {[#]} 27. Bxe4
fxe4 28. Rxe4 Kd8 29. Rd1+ $4 (29. Qh8 $1 Rg8 30. Qd4+ $16) (29. Qh6 $18) (29.
Qf3 $14) 29... Bd7 30. Qh8 (30. Qf3 $142) 30... Rg8 31. Qf6 Nfxg6 32. Nd4 Kc8
33. Ne6 Qc6 (33... Qxc2) 34. Rde1 Bxe6 (34... Qxc2) 35. Rxe6 Qc5+ 36. Kh1 Ra7
37. Rxb6 Rc7 (37... Qd5 $142) 38. Rxa6 Kb7 (38... Qd5 $142) 39. Ra3 Rf8 $4 (
39... Rc6 $142 $15) 40. Rb3+ $4 (40. Qa6+ $142 Kb8 41. Qa8#) 40... Ka8 $17 41.
Qa6+ Ra7 42. Qe2 Rxa2 43. Rd1 Ra4 44. h3 Nc6 45. Rc3 Qe5 46. Re3 Qb8 47. Re4
Rxe4 48. Qxe4 Nge7 49. Qa4+ Qa7 50. Qxa7+ Kxa7 51. Rd2 Kb6 52. Kh2 Kc5 53. c3
Nd5 54. Re2 Kd6 55. Kg1 Ne5 56. Rd2 Ke6 57. Re2 Ra8 58. Kh2 Kf5 59. Rf2+ Ke4
60. Rd2 Nd3 61. Re2+ Ne3 62. Kg3 Rg8+ 63. Kh2 Nf4 64. Rf2 Nexg2 0-1

[Event "YUG-ch53"]
[Site "Belgrade "]
[Date "1998.03.28"]
[Round "14"]
[White "Markovic, Miroslav"]
[Black "Knezevic, Bojan"]
[Result "0-1"]
[WhiteElo "2540"]
[BlackElo "2420"]
[Annotator "ChessBase"]
[PlyCount "55"]
[EventDate "1998.03.14"]
[EventType "tourn"]
[EventRounds "15"]
[EventCountry "YUG"]
[EventCategory "10"]
[SourceTitle "CBM 064"]
[Source "ChessBase"]
[SourceDate "1998.06.02"]
[SourceVersion "1"]
[SourceVersionDate "1998.06.02"]
[SourceQuality "1"]

1. e4 c5 2. Nf3 Nc6 3. c3 e6 4. d3 d5 5. Qe2 (5. Qc2) 5... Nf6 6. Bg5 $6 (6. e5
$5 Nd7 7. g3 Be7 8. h4 $5 b5 9. Bh3 $5 (9. Bf4 b4 10. c4 dxc4 11. dxc4 Bb7 12.
Bg2 Nd4 {0-1 Price,C-Darga,K/Siegen olm 1970/MCD-ol (26)}) 9... b4 10. h5 $40)
6... Be7 7. g3 h6 8. Bxf6 Bxf6 9. exd5 $2 (9. e5) 9... Qxd5 $1 {[%cal Rd5h1]}
10. Bg2 (10. Nbd2 O-O 11. Nc4 Rd8 $15) 10... Ne5 {[%csl Rd3]} 11. d4 $2 (11.
Nbd2 $142 $1 Qxd3 (11... Nxd3+ 12. Kf1 Ne5 13. Ne4 $44) 12. Nxe5 Qxe2+ 13. Kxe2
Bxe5 14. Ne4 $44) 11... cxd4 12. O-O (12. cxd4 $142 Nxf3+ 13. Bxf3 Qxd4 14. Nc3
O-O $17) 12... d3 13. Qd1 Nxf3+ 14. Bxf3 Qb5 (14... Qf5 15. Re1 {[%cal Yf3e4]})
15. Nd2 (15. Qb3 $5) 15... O-O 16. Rb1 Rd8 17. c4 Qa5 18. Ne4 Bd4 19. a3 (19.
b4 $5 Qxa2 20. Qxd3 e5 $17 (20... Bxf2+ $6 21. Rxf2 $1 $15)) 19... e5 20. Nd2
Be6 21. Kg2 f5 22. Bh5 e4 23. Bg6 Qe5 24. Qh5 (24. g4 $5 Qf4 25. gxf5 Bd7 26.
b4 Be5 27. Rh1 Bc6 $19) 24... Rf8 25. Rfe1 Rf6 26. f4 Qd6 27. c5 Bxc5 28. Rbc1
(28. Rbc1 e3 $1) 0-1

[Event "Hoogovens-B"]
[Site "Wijk aan Zee"]
[Date "1998.01.31"]
[Round "11"]
[White "Kasimdzhanov, Rustam"]
[Black "Reinderman, Dimitri"]
[Result "0-1"]
[WhiteElo "2565"]
[BlackElo "2480"]
[Annotator "ChessBase"]
[PlyCount "74"]
[EventDate "1998.01.20"]
[EventType "tourn"]
[EventRounds "11"]
[EventCountry "NED"]
[EventCategory "10"]
[SourceTitle "CBM 063"]
[Source "ChessBase"]
[SourceDate "1998.03.26"]
[SourceVersion "1"]
[SourceVersionDate "1998.03.26"]
[SourceQuality "1"]

{Weiß muß die Partie remis halten, um alleiniger Turniersieger zu sein. Seine
Eröffnungswahl trägt diesem Umstand Rechnung.} 1. e4 c5 2. Nf3 e6 3. c4 Nc6 4.
Nc3 e5 5. d3 (5. a3 d6 6. Rb1 a5 7. d3 f5 8. g3 Nf6 9. Bh3 fxe4 10. Bxc8 Qxc8
11. dxe4 Be7 12. O-O O-O 13. Bg5 Ne8 14. Nd5 Bd8 15. Bxd8 Qxd8 16. Kg2 Nc7 17.
b4 axb4 18. axb4 {1/2-1/2 Ivanchuk,V-Lautier,J/Investbanka 1997/CBM 62}) 5...
d6 6. Be2 g6 7. O-O Bg7 8. a3 Nge7 9. Rb1 a5 10. Nd5 O-O 11. Bg5 f6 12. Bd2
Nxd5 13. cxd5 Nd4 14. Nxd4 exd4 {Nun droht Schwarz b7-b5} 15. b4 $1 $11 cxb4 {
Nur so kann Schwarz Nachteil vermeiden und Spannung in das ruhige Spiel
bringen.} (15... axb4 $2 16. axb4 Ra2 17. bxc5 dxc5 18. f4 f5 19. Bf3 $16) 16.
axb4 a4 {/\b7-b5} 17. b5 {Verhindert b7-b5} f5 18. Ra1 a3 (18... fxe4 $5 19.
Rxa4 (19. dxe4 d3 $5) 19... Rxa4 20. Qxa4 Bf5 21. Qb3 $13 Qh4) 19. exf5 Bxf5
20. Qb3 $5 (20. Bb4 {Ist sicherer} a2 21. Qb3 (21. Qd2 Qb6 22. Rxa2 Qxb5 23.
Bxd6 Qxd5 $15) 21... Qe8 (21... Re8 22. Rxa2 Rxa2 23. Qxa2 Qe7 24. Re1 $16) 22.
Rxa2 Qxb5 23. Rfa1 Rxa2 24. Rxa2 $11) 20... Re8 21. Bf3 a2 22. Rfc1 g5 23. Rc2
g4 24. Bd1 Bh6 $1 {[%csl Re1]} 25. g3 $4 (25. Bxh6 Re1#) (25. Bxg4 $2 Bxd2 26.
Bxf5 Re1+ $1 27. Rxe1 a1=Q $19) (25. Bb4 $142 {Deckt auch das Feld e1} Qd7 26.
Rcxa2 Rxa2 27. Qxa2 Bxd3 (27... Qxb5 $2 28. Ba4 $16) 28. b6 $13) 25... Bxd2 26.
Rxd2 Re1+ 27. Kg2 Qg5 28. Rdxa2 Rxa2 29. Qxa2 Bxd3 30. Bxg4 (30. Qa8+ Kg7 31.
Bxg4 Bf1+ $1 32. Kg1 Qd2 33. h4 Bd3+ 34. Kg2 Be4+ 35. Kh3 Qxf2 36. Qxb7+ Kh6
$19) 30... Be4+ $2 (30... Bf1+ $142 31. Kg1 (31. Kf3 Qf6+ 32. Bf5 Qxf5#) 31...
Bc4+ 32. Rxe1 Bxa2 $19) 31. Bf3 Qg4 32. Bxe4 Qxe4+ 33. Kh3 Qf5+ 34. Kh4 $4 (34.
Kg2 $142 Qe4+ 35. Kh3 Rxa1 36. Qxa1 Qxd5 37. b6 $17) 34... h5 $19 35. h3 Qf6+
36. Kxh5 Re5+ 37. Kg4 Qf5+ 0-1

[Event "Computerij op"]
[Site "Zwolle"]
[Date "1998.??.??"]
[Round "6"]
[White "Van den Doel, Erik"]
[Black "Chuchelov, Vladimir"]
[Result "1/2-1/2"]
[WhiteElo "2485"]
[BlackElo "2545"]
[Annotator "Chuchelov,V"]
[PlyCount "77"]
[EventDate "1998.03.??"]
[EventType "swiss"]
[EventRounds "6"]
[EventCountry "NED"]
[SourceTitle "CBM 064"]
[Source "ChessBase"]
[SourceDate "1998.06.02"]
[SourceVersion "1"]
[SourceVersionDate "1998.06.02"]
[SourceQuality "1"]

1. e4 c5 2. Nf3 e6 3. Nc3 a6 4. g3 b5 5. Bg2 Bb7 6. d3 d6 7. O-O Nd7 8. Ne1
Ngf6 9. f4 Qc7 10. f5 (10. g4 h6 11. g5 hxg5 12. fxg5 b4 13. Nb1 Nh5 14. g6
$140 Nhf6 15. gxf7+ Kxf7 16. Nf3 Kg8 17. Ng5 d5 18. Bh3 Re8 19. Bf4 (19. Nxe6
Qe5) 19... Qb6 $13) 10... exf5 $5 (10... e5 11. g4 h6 12. h4 $140 b4 13. Nb1 c4
$1 14. g5 (14. Nd2 cxd3 15. cxd3 d5 16. exd5 Bc5+ 17. Kh1 Nxd5 18. Ne4 Be7)
14... hxg5 15. hxg5 d5 $13) 11. exf5 (11. Rxf5 g6 12. Rf1 Bg7) 11... d5 $5 12.
Qe2+ (12. Nf3 Bd6 $1 13. Re1+ Kf8 14. d4 h6 $13) 12... Qe5 13. Qxe5+ (13. Bf4
$5 Qxe2 14. Nxe2 O-O-O $1 (14... Be7 15. c4 $14) 15. Nf3 h6 16. a4 $140 b4 17.
c3 bxc3 18. bxc3 Re8 $13) 13... Nxe5 14. Nf3 Nxf3+ 15. Bxf3 O-O-O 16. Bg5 Be7
17. Rae1 Rd7 18. Re5 Bd8 19. Rfe1 h6 20. Bh4 Bc6 21. Nb1 Kb7 22. Nd2 c4 $1 {xb3
} 23. R5e2 (23. d4 Ne4 $1 24. Nxe4 dxe4 25. Bxe4 Rxd4 26. Bxd8 Rhxd8 27. Bxc6+
Kxc6 $15) 23... Bb6+ 24. Kh1 Bc5 $1 {xe7} 25. h3 Rc8 26. Bg2 Nh7 (26... Bd4 27.
dxc4 dxc4 28. c3 Bc5 29. Bxf6 gxf6 30. Bxc6+ Kxc6 31. Ne4 Be7 32. g4 $14) 27.
Re8 Rxe8 28. Rxe8 Ng5 29. g4 Re7 30. Rxe7+ Bxe7 $11 31. Bf2 f6 $138 (31... Bf6
32. h4 Nh7 33. d4 Be7 34. Nf3 Nf6 35. Ne5 Ne4 $11) 32. h4 (32. Nf1 $5 Bd6 $1
33. h4 (33. Ng3 Bxg3 34. Bxg3 d4) 33... Nf7 34. d4 Bf4 35. Ne3 Bxe3 36. Bxe3
Nd6 37. Bf4 Ne4 $11) 32... Nf7 33. Nf3 Ne5 34. Nxe5 fxe5 35. Bg3 Bf6 36. g5
hxg5 37. hxg5 Bxg5 38. Bxe5 Bf6 39. Bxf6 (39. d4 $5 b4 (39... Bxe5 $2 40. dxe5
d4 $140 41. Bxc6+ Kxc6 42. Kg2 Kd5 43. e6 Kd6 44. Kf3 $18) 40. Bxf6 gxf6 41.
Kg1 a5 42. Kf2 a4 43. Ke3 Kc7 44. b3 c3 45. Bf1 Kd6 46. Bd3 Ke7 47. Kf4 Kf7 48.
Kg4 Kg7 49. Kf4 Kh6 50. Be2 axb3 51. axb3 Be8 52. Bf3 Bf7 53. Be2 Bh5 54. Bg4
$11) 1/2-1/2

[Event "Pyramiden Franken Cup 2nd"]
[Site "Fuerth"]
[Date "1999.08.25"]
[Round "5"]
[White "David, Alberto"]
[Black "Chuchelov, Vladimir"]
[Result "1/2-1/2"]
[WhiteElo "2544"]
[BlackElo "2535"]
[Annotator "Chuchelov,V"]
[PlyCount "42"]
[EventDate "1999.08.21"]
[EventType "swiss"]
[EventRounds "9"]
[EventCountry "GER"]
[SourceTitle "EXT 2000"]
[Source "ChessBase"]
[SourceDate "1999.11.16"]
[SourceVersion "1"]
[SourceVersionDate "1999.11.16"]
[SourceQuality "1"]

1. e4 c5 2. Nf3 e6 3. c3 d5 4. e5 d4 5. Bd3 Nc6 6. O-O Bd7 $5 7. Na3 a6 8. Nc2
Qc7 9. Qe2 (9. Re1 Rd8 10. cxd4 (10. b3 $5) 10... cxd4 11. b3 (11. Ncxd4 Nxd4
12. Nxd4 Bc8 13. Re4 Bc5 14. Qg4 $140 f5 15. exf6 Nxf6 16. Nxe6 $1 Qxh2+ $1 17.
Kxh2 Nxg4+ 18. Rxg4 Bxe6 19. Re4 Rxd3 20. Rxe6+ Kd7 $44)) 9... g5 $1 10. cxd4
cxd4 (10... g4 11. Ng5 cxd4 12. f4 $1 $16) 11. Re1 Bg7 12. b4 (12. h3 h5 13.
Qe4 Nh6 $13) 12... g4 13. Nfxd4 Nxe5 14. Bb2 Ne7 $1 {1/2} 15. Nxe6 Bxe6 16.
Bxe5 Bxe5 17. Qxe5 Qxe5 18. Rxe5 O-O-O 19. Ne1 Nc6 20. Rc5 Kb8 21. a3 Nd4 $44
1/2-1/2

[Event "Concordia"]
[Site "Hamburg"]
[Date "1977.??.??"]
[Round "5"]
[White "Castro Rojas, Oscar Humberto"]
[Black "Webb, Simon"]
[Result "1/2-1/2"]
[WhiteElo "2410"]
[BlackElo "2430"]
[Annotator "Dolmatov,S"]
[PlyCount "114"]
[EventDate "1977.06.??"]
[EventType "tourn"]
[EventRounds "9"]
[EventCountry "GER"]
[EventCategory "7"]
[SourceTitle "MCL"]
[Source "ChessBase"]
[SourceDate "1999.07.01"]
[SourceVersion "1"]
[SourceVersionDate "1999.07.01"]
[SourceQuality "1"]

1. e4 e6 2. d3 c5 3. Nf3 Nc6 4. g3 g6 5. c3 $6 (5. Bg2 Bg7 6. O-O) (5. d4 $6
cxd4 6. Nxd4 Bg7 7. Nb5 d5 8. exd5 exd5 9. Qxd5 Qe7+ $40) 5... Bg7 6. d4 $6
cxd4 7. cxd4 d5 8. e5 f6 9. exf6 Nxf6 10. Bg2 O-O 11. O-O Ne4 $1 12. Be3 $6 (
12. Nc3 $5 $132) 12... Bd7 13. Nbd2 Nd6 14. g4 $2 (14. Re1 $32) 14... Rc8 15.
Rc1 a5 $5 (15... Nb4 $6 16. Qb3) (15... Qb6 $6 16. Ne5 $13) 16. Qb3 a4 17. Qa3
Nb5 18. Qxa4 Nbxd4 19. Qd1 Nxf3+ 20. Nxf3 d4 21. Bg5 (21. Nxd4 $2 Nxd4 22. Rxc8
(22. Bxd4 Rxc1 $19) 22... Bxc8 $19) 21... Qa5 $17 (21... Qb6 $5 22. Qb3 Qxb3
23. axb3 $17) 22. Qb3 Qb4 (22... Rxf3 $6 23. Bxf3 Qxg5 24. Qxb7 Ne7 $1 25. h4
Qb5 26. Rxc8+ Nxc8 $15) 23. Qxb4 Nxb4 24. Be7 Nd3 25. Rcd1 (25. Bxf8 Nxc1 26.
Bxg7 Ne2+ $1 27. Kh1 Kxg7 $17) 25... Rfe8 26. Bd6 (26. Rxd3 Bb5 $1 $19 (26...
Rxe7 $6 27. Nxd4 e5 28. Re1 $15)) 26... Nxb2 27. Rb1 Nc4 28. Bg3 Bc6 (28... b5
$22 29. Rfd1 e5 $19) 29. Rfc1 Be4 (29... Bxf3 $2 30. Bxf3 Nd2 31. Bxb7) 30. Rb4
Nb2 $2 (30... Bxf3 $1 31. Bxf3 (31. Rcxc4 Rxc4 32. Rxc4 Bxg4 $19) 31... Nd2 32.
Rxc8 Nxf3+ 33. Kg2 Ne1+ $1 34. Kf1 Rxc8 35. Kxe1 d3 $19) 31. Rxc8 Rxc8 32. Nd2
(32. Rxb2 $2 Rc1+ 33. Bf1 Bxf3 $19) 32... Rc1+ 33. Bf1 Nd3 34. Rb3 Nc5 35. Nxe4
Nxe4 36. Bf4 Rd1 37. Rxb7 g5 38. f3 gxf4 39. fxe4 d3 $2 (39... Bf8 $22 40. Kf2
d3 41. Rc7 Bb4 $17) 40. Rd7 d2 41. Kf2 Bc3 42. Bc4 $10 Rh1 43. Bxe6+ Kf8 44.
Bb3 Rxh2+ 45. Kf3 Be5 46. g5 h5 47. g6 d1=Q+ 48. Rxd1 Rh3+ 49. Ke2 Kg7 50. Rd5
Bc3 51. Rd3 Rxd3 52. Kxd3 Be5 53. a4 Kxg6 54. a5 Kf6 55. Bd1 h4 56. Kc4 Ke6 57.
Kc5 Bc3 1/2-1/2

[Event "YUG-chT"]
[Site "Tivat"]
[Date "1995.??.??"]
[Round "6"]
[White "Maksimenko, Andrei"]
[Black "Sokolov, Andrei"]
[Result "1/2-1/2"]
[WhiteElo "2550"]
[BlackElo "2585"]
[Annotator "Dolmatov,S"]
[PlyCount "110"]
[EventDate "1995.??.??"]
[EventType "team-swiss"]
[EventRounds "11"]
[EventCountry "YUG"]
[SourceTitle "CBM 048 Extra"]
[Source "ChessBase"]
[SourceDate "1995.11.01"]
[SourceVersion "1"]
[SourceVersionDate "1995.11.01"]
[SourceQuality "1"]

1. e4 c5 2. Nf3 e6 3. c3 d5 4. exd5 exd5 5. Bb5+ Nc6 (5... Bd7 $5 6. Bxd7+ (6.
Qe2+ $6 Qe7 $10 (6... Be7 7. Ne5 (7. O-O Nf6 8. Ne5 O-O 9. Nxd7 Nbxd7 $10) 7...
Bxb5 8. Qxb5+ Nd7)) 6... Nxd7 (6... Qxd7 7. O-O Nc6 8. Re1+ Be7 9. d4 cxd4 10.
Bg5 $5 $44) 7. O-O Ngf6 8. Re1+ Be7 9. Qe2 $40) 6. Qe2+ Be7 (6... Qe7 7. Ne5
Bd7 8. Nxd7 (8. Bxc6 $5 Bxc6 9. O-O $40) 8... Qxe2+ 9. Bxe2 Kxd7 10. d3 $14) 7.
O-O Bd7 $6 (7... Nf6 $5 8. Re1 Bg4 9. d3 Bxf3 10. Qxf3 O-O $10) 8. d3 $6 (8. d4
$5 cxd4 9. cxd4 (9. Nxd4 $6 Nxd4 10. Bxd7+ Qxd7 11. cxd4 Nf6 12. Re1 O-O $2 13.
Qxe7 Rae8 14. Qb4 Qb5 15. Bd2 $18) 9... Nf6 10. Re1 $40) 8... Rc8 9. c4 a6 10.
Bxc6 (10. Ba4 $5 Nf6 11. Re1 b5 12. cxb5 Nb8) 10... Bxc6 11. Re1 Nf6 12. Bg5
Kf8 13. Ne5 $40 Be8 14. Nc3 d4 15. Bxf6 (15. Ne4 $5 Nxe4 16. Bxe7+ Qxe7 17.
Qxe4 Qc7 18. Qf5 f6 19. Re4 $16) 15... Bxf6 16. Nd5 h5 17. Qf3 Qd6 18. Qf4 $6 (
18. Qf5 $5 Rd8 19. Re2 Bxe5 $8 (19... Bc6 $2 20. Nxc6 Qxc6 21. Nxf6 $16) 20.
Rxe5 Bd7 21. Qe4 Re8 22. Rxe8+ Bxe8 23. Re1 Bc6) 18... Rd8 19. Re2 Bc6 20. Nxc6
(20. Nxf6 $4 gxf6 $17) 20... Qxf4 21. Nxf4 bxc6 22. Rae1 g6 $10 (22... g5 $2
23. Nh3 Kg7 24. f3) 23. g3 Rb8 24. h4 Kg7 25. Nh3 Rb7 26. Rc2 Rhb8 27. Ree2 a5
28. b3 $6 (28. Kf1 $5 a4 29. Ke1 $14) 28... a4 $10 29. bxa4 Ra7 30. Ng5 Bxg5
31. hxg5 Rxa4 32. Kg2 Ra3 33. Rcd2 Rba8 34. Kf3 Rc3 35. Re5 Ra5 36. Re7 Raa3
37. Ke2 Ra8 38. Kf3 Ra4 39. Ke2 Ra8 40. Re5 Ra5 41. Rb2 Rca3 42. Rb8 Ra8 (42...
Rxa2+ 43. Kf1) 43. Rxa8 Rxa8 44. Rxc5 Rxa2+ 45. Kf1 Ra1+ 46. Ke2 Ra2+ 47. Kf1 (
47. Kf3 Rd2 48. Ke4 (48. Rxc6 Rxd3+ 49. Ke4 Rd2 $10) 48... Rxf2 49. Rxc6 Rf5
50. Rc8 Rxg5 51. c5 Rxg3 52. c6 Rg1 53. c7 Rc1 54. Kd5 h4 55. Kd6 h3 $17) 47...
Ra1+ 48. Kg2 Rd1 49. Rxc6 Rxd3 50. Rd6 Rd2 51. c5 Rc2 52. c6 Rc3 53. Kf1 Kg8
54. Ke2 Kg7 55. Kd2 Kg8 1/2-1/2

[Event "Budapest FS03 GM"]
[Site "Budapest"]
[Date "1996.??.??"]
[Round "6"]
[White "Totsky, Leonid"]
[Black "Gyimesi, Zoltan"]
[Result "0-1"]
[WhiteElo "2430"]
[BlackElo "2545"]
[Annotator "Endgame-CD"]
[PlyCount "170"]
[EventDate "1996.03.??"]
[EventType "tourn"]
[EventRounds "13"]
[EventCountry "HUN"]
[EventCategory "9"]
[SourceTitle "CBM 053"]
[Source "ChessBase"]
[SourceDate "1996.08.01"]
[SourceVersion "1"]
[SourceVersionDate "1996.08.01"]
[SourceQuality "1"]

1. e4 e5 2. Nf3 Nc6 3. d4 exd4 4. Nxd4 Nf6 5. Nxc6 bxc6 6. Bd3 d5 7. exd5 cxd5
8. O-O Be7 9. c4 c6 10. cxd5 cxd5 11. Nc3 O-O 12. Be3 Be6 13. Bd4 Qb8 14. h3
Qxb2 15. Nb5 Qb4 16. Nxa7 Bd7 17. Rb1 Qd6 18. Rb6 Qc7 19. Nb5 Bxb5 20. Rxb5
Rxa2 21. Bxf6 Bxf6 22. Bxh7+ Kxh7 23. Qxd5 Ra1 24. Rxa1 Bxa1 25. g3 Kg8 26. Rb7
Qd8 27. Qf3 Qc8 28. Kg2 Qe6 29. Ra7 Bf6 30. h4 Qc8 31. Qd5 Qb8 32. Ra6 Re8 33.
Qf3 Qe5 34. Ra8 Bd8 35. Qd3 Qc7 36. Qd5 Qe7 37. Rc8 g6 38. Rb8 Kg7 39. Rc8 Qf6
40. Qd3 Rh8 41. Qd2 Ba5 42. Qc2 Rh5 43. Rc6 Qd4 44. Rc4 Qd5+ 45. Kh2 Bd8 46.
Rf4 Bf6 47. Qe2 Re5 48. Qf1 Re6 49. Qg2 Qxg2+ 50. Kxg2 Re2 51. Kf1 Ra2 52. Kg2
Be5 53. Re4 Kf6 54. Re3 Bd4 55. Rf3+ Ke6 56. Rf4 Rd2 57. Kf1 Be5 58. Rf3 Rb2
59. Kg2 f6 60. Kf1 Bd4 61. Kg2 Ke5 62. Rf4 Rd2 63. Kf1 Ra2 64. Kg2 Rb2 65. Kf1
g5 66. hxg5 fxg5 67. Rf8 g4 68. Re8+ Kf5 69. Rf8+ Ke4 70. Rf4+ Kd3 71. Rxg4
Rxf2+ 72. Ke1 Rf3 73. Rf4 Rxg3 $10 {Wie in 99% aller Fälle wird das Endspiel
mit einer Remisstellung erreicht. Immerhin steht der weiße König schon am Rand.
} 74. Rf1 {Der weiße Turm muß auf der f-Linie bleiben.} Ke3 75. Rh1 (75. Kd1
$10) 75... Be5 76. Kf1 (76. Kd1 $10) (76. Rf1 $10) 76... Rf3+ 77. Kg2 (77. Ke1
$4 Kd3 78. Kd1 (78. Rg1 Rf5 79. Rh1 Bg3+ 80. Kd1 Ra5 $19) 78... Bf4 79. Re1 Bd2
80. Rg1 Rf2 81. Rg3+ Be3 82. Ke1 Rf4 83. Rh3 Ra4 84. Kf1 Rg4 85. Rh1 Kd2 86.
Rh2+ Kd1 $19) 77... Rf2+ 78. Kh3 Kf3 79. Kh4 Kf4 80. Kh3 $4 (80. Kh5 $1 $10)
80... Kf5 $1 $19 {In dieser Stellung würde jetzt Lf4 gewinnen, mit dem König
auf h4 nicht.} 81. Kh4 Bf4 $4 (81... Rf3 $1 82. Kh5 Rd3 83. Kh6 Rd7 84. Rh5+
Kf6 85. Rh4 Rd8 86. Kh7 Kf7 $19) 82. Rh3 $10 Rg2 83. Rh1 $4 (83. Ra3 $10 {
Der Turm muß auf der dritten Reihe die kurze Seite bewachen.}) 83... Ra2 $19
84. Kh3 Kg5 85. Rg1+ Kh5 (85... Kh5 86. Rg2 Ra3+ $19) 0-1